Every Premier League Player of 2020-21, Part 2 Southampton-Wolves - Statistics

General Stats
  • This quiz has been taken 5 times
  • The average score is 51 of 157
Answer Stats
Answer % Correct
Conor Coady
100%
Danny Ings
100%
Fabio Silva
100%
Joao Moutinho
100%
Nelson Semedo
100%
Pedro Neto
100%
Raul Jimenez
100%
Rayan Ait-Nouri
100%
Ruben Neves
100%
Rui Patricio
100%
Willy Boly
100%
Adama Traore
80%
Alex McCarthy
80%
Che Adams
80%
Daniel Podence
80%
Fraser Forster
80%
Jannick Vestergaard
80%
Jonny
80%
Leander Dendoncker
80%
Maximilian Kilman
80%
Nile John
80%
Romain Saiss
80%
Willian Jose
80%
Harry Kane
60%
Hugo Lloris
60%
James Ward-Prowse
60%
John Ruddy
60%
Kieran Gibbs
60%
Ki-Jana Hoever
60%
Marcal
60%
Matt Doherty
60%
Owen Otasowie
60%
Ryan Bertrand
60%
Sam Johnstone
60%
Son Heung-Min
60%
Stuart Armstrong
60%
Toby Alderweireld
60%
Vitinha
60%
Ben Davies
40%
Davinson Sanchez
40%
Dele Alli
40%
Eric Dier
40%
Harry Winks
40%
Jan Bednarek
40%
Jesse Lingard
40%
Kyle Bartley
40%
Kyle Walker-Peters
40%
Lukasz Fabianski
40%
Matheus Pereira
40%
Morgan Gibbs-White
40%
Moussa Djenepo
40%
Oriol Romeu
40%
Pablo Fornals
40%
Semi Ajayi
40%
Sergio Reguilon
40%
Tanguy Ndombele
40%
Theo Corbeanu
40%
Theo Wallcott
40%
Tomas Soucek
40%
Aaron Cresswell
20%
Alexandre Jankewitz
20%
Alfie Devine
20%
Alfie Whiteman
20%
Andy Lonergan
20%
Angelo Ogbonna
20%
Arthur Masuaku
20%
Ben Johnson
20%
Branislav Ivanovic
20%
Caleb Taylor
20%
Callum Robinson
20%
Carlos Vinicius
20%
Conor Gallagher
20%
Conor Townsend
20%
Craig Dawson
20%
Dane Scarlett
20%
Daniel N'Lundulu
20%
Dara O'Shea
20%
Darnell Furlong
20%
Darren Randolph
20%
David Martin
20%
Declan Rice
20%
Dennis Cirkin
20%
Erik Lamela
20%
Fabian Balbuena
20%
Frederik Alves
20%
Gareth Bale
20%
Giovani Lo Celso
20%
Grady Diangana
20%
Hal Robson-Kanu
20%
Harry Lewis
20%
Ibrahima Diallo
20%
Issa Diop
20%
Jack Stephens
20%
Jake Livermore
20%
Japhet Tanganga
20%
Jarrod Bowen
20%
Joe Hart
20%
Joe Rodon
20%
Kamil Grosicki
20%
Karlan Grant
20%
Kyle Edwards
20%
Lee Peltier
20%
Lucas Moura
20%
Mark Noble
20%
Matt Phillips
20%
Mbaye Diagne
20%
Michael Obafemi
20%
Michail Antonio
20%
Mohammed Salisu
20%
Moussa Sissoko
20%
Nathan Redmond
20%
Nathan Tella
20%
Nathan Trott
20%
Okay Yokuslu
20%
Pierre-Emile Hojbjerg
20%
Robert Snodgrass
20%
Romaine Sawyers
20%
Ryan Fredericks
20%
Said Benrahma
20%
Serge Aurier
20%
Takumi Minamino
20%
Toby King
20%
Vladimir Coufal
20%
William Smallbone
20%
Ademipo Odubeko
0%
Ainsley Maitland-Niles
0%
Allan Tchaptchet
0%
Andreas Songergaard
0%
Andriy Yarmolenko
0%
Caleb Watts
0%
Cheikh Diaby
0%
Christian Marques
0%
Conor Coventry
0%
David Button
0%
Dilan Markanday
0%
Emmanuel Longelo
0%
George Harmon
0%
Harrison Ashby
0%
Hugo Bueno
0%
Jamal Baptiste
0%
Jamie Bowden
0%
Kayne Ramsay
0%
Kgaogelo Chauke
0%
Leonardo Campana
0%
Lewis Richards
0%
Luke Cundle
0%
Manuel Lanzini
0%
Marcel Lavinier
0%
Nathan Holland
0%
Nigel Lonwijk
0%
Rico Richards
0%
Ryan Finnigan
0%
Steven Bergwijn
0%
Taylor Gardner-Hickham
0%
Taylor Perry
0%
Tim Iroegbunam
0%
Will Ferry
0%
No matching quizzes found
Score Distribution
Percent of People with Each Score
Percentile by Number Answered
Your Score History
You have not taken this quiz